Szczegóły MARC21

Zarys ekologii i ochrony mórz. Cz. 1 /

003 -Nazwa inst., której nr kontr. jest w polu 001 [,]
    • @
    • Nazwa instytucji, której n kontrolny jest w polu 001
    • NUKAT
005 -DATA I CZAS OSTATNIEJ MODYFIKACJI [,]
    • @
    • pole kontrolne
    • 20241231092501.0
020 -Międzynarod. znormalizowany nr książki - ISBN [ , ]
    • a
    • Numer ISBN
    • 9788323120636 Find
020 -Międzynarod. znormalizowany nr książki - ISBN [ , ]
    • a
    • Numer ISBN
    • 8323120633 Find
040 -Instytucja sporządzająca opis [ , ]
    • a
    • Instytucja, która sporządziła opis (NP)
    • TOR U/BIOEP
    • b
    • Język katalogowania
    • pol
    • e
    • Zasady katalogowania
    • rda
    • c
    • Instytucja, która sporządziła rekord (NP)
    • TOR U/BIOEP
    • d
    • Instytucja, która zmodyfikowała rekord (P)
    • TOR U/LF
    • d
    • Instytucja, która zmodyfikowała rekord (P)
    • LUBL U/MGas
    • d
    • Instytucja, która zmodyfikowała rekord (P)
    • GL 001/EZN
942 -Rodzaj dokumentu [ , ]
    • c
    • Rodzaj dokumentu
    • Książka
100 -Hasło główne - nazwa osobowa [1, ]
    • a
    • Nazwa osobowa (NP)
    • Wolnomiejski, Norbert
    • d
    • Daty biograficzne (NP)
    • (1938- ).
    • e
    • Rodzaj współpracy
    • Autor
    • 9
    • KHW
    • 703634
245 -Strefa tytułu i oznaczenia odpowiedzialności [1,0]
    • a
    • Tytuł
    • Zarys ekologii i ochrony mórz. Find
    • n
    • Oznaczenie części (P)
    • Cz. 1 /
    • c
    • Pozostałe elementy strefy tytułu i oznaczenia odpowiedzialności (NP)
    • Norbert Wolnomiejski, Tadeusz Pawlikowski.
250 -Strefa wydania [ , ]
    • a
    • Oznaczenie wydania (NP)
    • Wydanie pierwsze.
260 -Strefa adresu wydawniczego [ , ]
    • a
    • Miejsce wydania (P)
    • Toruń :
    • b
    • Nazwa wydawcy (P)
    • Wydawnictwo Uniwersytetu Mikołaja Kopernika,
    • c
    • Data wydania (P)
    • 2006.
300 -Strefa opisu fizycznego [ , ]
    • a
    • Określenie formy książki i/lub objętość (NP)
    • 302 strony :
    • b
    • Oznaczenie ilustracji (NP)
    • ilustracje kolorowe ;
    • c
    • Format (NP)
    • 24 cm.
336 -Typ zawartości [ , ]
    • a
    • Termin opisujący typ zawartości
    • Tekst
    • b
    • Kod określający zawartość
    • txt
    • 2
    • Źródło (terminu i kodu)
    • rdacontent
337 -Typ mediów [ , ]
    • a
    • Tryb odtwarzania
    • Bez urządzenia pośredniczącego
    • b
    • Kod typu mediów
    • n
    • 2
    • Źródło (terminu i kodu)
    • rdamedia
338 -Typ/rodzaj nośnika [ , ]
    • a
    • Hasło opisujące typ nośnika
    • Wolumin
    • b
    • Kod typu nośnika
    • nc
    • 2
    • Źródło (terminu i kodu)
    • rdacarrier
504 -Uwaga dot. bibliogr. załącznikowej [ , ]
    • a
    • Uwaga dot. bibliografii załącznikowej
    • Bibliografia na stronach 288-293. Indeks.
080 -Uniwersalna Klasyfikacja Dziesiętna [ , ]
    • 2
    • Identyfikator wydania tablic
    • UDC-P058
    • 9
    • UKD
    • 4266
    • a
    • Symbol klasyfikacji
    • 551.46
    • b
    • Dopowiedzenie
    • Oceanografia fizyczna. Topografia i morfologia dna morskiego. Właściwości fizyczne i chemiczne wody morskiej. Biochemia i geochemia morza. Prądy i fale morskie. Pływy morskie (przypływy i odpływy).
080 -Uniwersalna Klasyfikacja Dziesiętna [ , ]
    • 2
    • Identyfikator wydania tablic
    • UDC-P058
    • 9
    • UKD
    • 4001
    • a
    • Symbol klasyfikacji
    • 502.51
    • b
    • Dopowiedzenie
    • Środowisko hydrosfery.
080 -Uniwersalna Klasyfikacja Dziesiętna [ , ]
    • 2
    • Identyfikator wydania tablic
    • UDC-P058
    • 9
    • UKD
    • 4360
    • a
    • Symbol klasyfikacji
    • 574.5
    • b
    • Dopowiedzenie
    • Hydrobiologia. Biocenozy i ekosystemy wodne.
650 -Hasło przedmiotowe [ ,7]
    • a
    • Hasło przedmiotowe
    • Ekologia morza.
    • 2
    • Źródło terminu
    • kaba
    • 9
    • KHW
    • 107400
650 -Hasło przedmiotowe [ ,7]
    • a
    • Hasło przedmiotowe
    • Morze
    • x
    • Określnik rzeczowy
    • ochrona.
    • 2
    • Źródło terminu
    • kaba
    • 9
    • KHW
    • 119919
980 -Symbol UKD [ , ]
    • a
    • UKD
    • 551.46:502.51:574.5
700 -Hasło dodatkowe - nazwa osobowa [1, ]
    • a
    • Nazwa osobowa (NP)
    • Pawlikowski, Tadeusz Find
    • d
    • Daty biograficzne (NP)
    • (1947- ).
    • e
    • Określenie rodzaju współpracy
    • Autor
    • 9
    • KHW
    • 11342
710 -Hasło dodatkowe - nazwa ciała zbiorowego [2, ]
    • a
    • Nazwa ciała zbiorowego lub nazwa geograficzna jako pierwszy element (NP)
    • Uniwersytet Mikołaja Kopernika (Toruń).
    • b
    • Nazwa jednostki podrzędnej (P)
    • Dział Wydawniczy.
    • e
    • Rodzaj współpracy
    • Wydawca
    • 4
    • Kod relacji
    • pbl
    • 9
    • KHW
    • 75022
856 -Dostęp do wersji elektronicznej [4,8]
    • 3
    • Wyszczególnienie materiału
    • Okładka
920 -ISBN [ , ]
    • a
    • ISBN
    • 978-83-231-2063-6 Find
920 -ISBN [ , ]
    • a
    • ISBN
    • 83-231-2063-3 Find
Lokalizacja Data inwentaryzacji Status udost. Numer inwentarzowy
BG2009-12-04-3WM.10665
BG2009-12-04-3WM.10666
BG2009-12-04-3WM.10667
BG2009-12-041Z.113695
BG2010-04-232Bl.11481